Estatísticas para Clique no mapa dos países da Europa

Clique aqui para jogar o quiz

Estatísticas Gerais

  • Esse quiz foi jogado 352 vezes
  • A pontuação média é 30 de 45

Respostas no mapa

Respostas codificadas por cores de uma escala verde-vermelha no mapa do quiz de acordo com a % correta abaixo.
 

Estatísticas das Respostas

Resposta% Correto
Alemanha
84%
Portugal
79%
Espanha
78%
França
77%
Itália
77%
Bélgica
76%
Reino Unido
76%
Andorra
75%
Bielorrússia
75%
Finlândia
73%
Rússia
73%
Dinamarca
72%
Grécia
72%
Irlanda
70%
Islândia
70%
Ucrânia
70%
Vaticano
70%
Áustria
69%
Estônia
68%
Países
Baixos
67%
Luxemburgo
66%
Noruega
66%
Malta
65%
Polônia
65%
Suíça
65%
Croácia
64%
San Marino
64%
Suécia
64%
Liechtenstein
63%
Mônaco
62%
Albânia
61%
Eslováquia
61%
Letónia
61%
Lituânia
61%
República
Checa
61%
Bósnia e
Herzegovina
60%
Bulgária
60%
Eslovénia
58%
Hungria
58%
Kosovo
58%
Romênia
58%
Sérvia
56%
Moldávia
55%
Macedónia
do Norte
54%
Montenegro
53%

Distribuição das Pontuações

Percentil de Números Respondidos

Porcentagem de Pessoas com Cada Pontuação

Sua Pontuação Histórica

Você não jogou esse quiz